00953nam a2200193 a 4500008004100000020001500041050001700056100001700073245005000090246001600140260004800156350000900204700001900213995012700232995014200359999001700501952012000518952012100638120416s1992 ||||||||||||||||| || u a0521467861 aGN 281.4 Cam aSteve, Jones14aThe Cambridge encyclopedia of human evolution aJones Steve aCambridgebCambridge University Pressc1992 a0.00 aRobert, Martin aREFERENCE BOOKSD0.00e733555FCBU-MAIN LIBRARY (Kitwe)H2I45.00jGN 281.4 CamM2UREFERENCEy45345ZReference Collection aREFERENCE BOOKSD0.00e730484FCBU-MAIN LIBRARY (Kitwe)H1I45.00jGN 281.4 CamM1UREFERENCEWMay 19, 2006y027415ZReference Collection c78004d78004 00102lcc4070a001b001cReference Collectiond2023-05-03l0oGN 281.4 Camp45345r2023-05-03t1w2023-05-03y019 00102lcc4070a001b001cReference Collectiond2023-05-03l0oGN 281.4 Camp027415r2023-05-03t2w2023-05-03y019